[Event "World Senior 65+ 2014"]
[Site "Katerini GRE"]
[Date "2014.10.26"]
[Round "3.6"]
[White "Zhelnin, Vladimir V"]
[Black "Archangelsky, Mikhail"]
[Result "1-0"]
[WhiteTitle "IM"]
[BlackTitle "IM"]
[WhiteElo "2471"]
[BlackElo "2149"]
[WhiteFideId "4105567"]
[BlackFideId "4117573"]
[EventDate "2014.10.24"]

1. e4 e6 2. d4 d5 3. Nc3 Nf6 4. Bg5 dxe4 5. Nxe4 Nbd7 6. Nf3 h6 7. Bh4 c5 8.
Bxf6 Nxf6 9. Nxf6+ gxf6 10. Bb5+ Bd7 11. Bxd7+ Qxd7 12. Qd3 cxd4 13. O-O-O Bc5
14. c3 O-O-O 15. Kb1 Kb8 16. cxd4 Bb6 17. Qe4 Bc7 18. Qh4 f5 19. Rhe1 Rde8 20.
g3 Qd8 21. Qh5 Qf6 22. Ne5 Re7 23. f4 Bxe5 24. dxe5 Qg6 25. Qh4 Rhe8 26. Rd3 a6
27. Rc1 h5 28. Rd8+ Ka7 29. a3 Qg4 30. Qf6 Qg6 31. Qxg6 fxg6 32. Rcc8 Rxd8 33.
Rxd8 Kb6 34. Rg8 Kc5 35. Rxg6 h4 36. Kc2 hxg3 37. hxg3 Kd4 38. Kb3 Kd5 39. Kc3
Rc7+ 40. Kd3 Rc1 41. Rg7 Rg1 42. Rd7+ Kc5 43. b4+ Kc6 44. Rd6+ Kb5 45. Rxe6
Rxg3+ 46. Kd4 Rf3 47. Rf6 Rxf4+ 48. Kd5 Rf3 49. e6 Rxa3 50. Rxf5 Kxb4 51. e7 1-0

[Event "World Senior 65+ 2014"]
[Site "Katerini GRE"]
[Date "2014.10.26"]
[Round "3.7"]
[White "Balashov, Yuri S"]
[Black "Titz, Heimo"]
[Result "1-0"]
[WhiteTitle "GM"]
[BlackTitle "FM"]
[WhiteElo "2429"]
[BlackElo "2158"]
[WhiteFideId "4100263"]
[BlackFideId "1601520"]
[EventDate "2014.10.24"]

1. d4 Nf6 2. Nf3 e6 3. c4 b6 4. Nc3 Bb7 5. e3 Bb4 6. Bd3 O-O 7. O-O d5 8. cxd5
exd5 9. a3 Be7 10. b4 Nbd7 11. Qb3 c6 12. a4 a5 13. bxa5 Rxa5 14. Bd2 Ba6 15.
Bxa6 Rxa6 16. Qc2 Qc7 17. Rfc1 Qb7 18. e4 dxe4 19. Nxe4 Rc8 20. Nxf6+ Nxf6 21.
Ne5 c5 22. Qc4 Bd6 23. Nxf7 Qxf7 24. Qxa6 Bxh2+ 25. Kxh2 Ng4+ 26. Kg3 Qxf2+ 27.
Kh3 Qf5 28. Qe2 Qh5+ 29. Kg3 Qh2+ 30. Kxg4 h5+ 31. Kg5 Qg3+ 32. Kxh5 Rd8 33. Qf3
Qh2+ 34. Kg4 Rxd4+ 35. Bf4 g5 36. Kxg5 1-0

[Event "World Senior 65+ 2014"]
[Site "Katerini GRE"]
[Date "2014.10.26"]
[Round "3.8"]
[White "Agzamov, Valeriy"]
[Black "Rooze, Jan"]
[Result "1-0"]
[BlackTitle "IM"]
[WhiteElo "2191"]
[BlackElo "2341"]
[WhiteFideId "14200449"]
[BlackFideId "200050"]
[EventDate "2014.10.24"]

1. e4 c5 2. Nf3 e6 3. d4 cxd4 4. Nxd4 a6 5. Nc3 Qc7 6. Bd3 Nf6 7. O-O d6 8. Kh1
Nbd7 9. a4 b6 10. f4 Bb7 11. Qe2 Be7 12. Bd2 O-O 13. Rae1 Nc5 14. Rf3 Rfd8 15.
Rh3 Nfd7 16. Qh5 Nf8 17. Nf3 d5 18. e5 g6 19. Qh6 Ne4 20. Re2 b5 21. Be1 Nxc3
22. Bxc3 d4 23. Be1 Bxf3 24. Rxf3 bxa4 25. Rh3 Rab8 26. g4 Rd5 27. f5 Rxe5 28.
fxg6 fxg6 29. Bxg6 Qb7+ 30. Kg1 Bg5 31. Bxh7+ Kh8 32. Qxg5 Rxg5 33. Be4+ Kg7 34.
Bxb7 Rxb7 35. c3 Ng6 36. Rg3 d3 37. Rd2 Nf4 38. Rf3 e5 39. h3 Rf7 40. Re3 Ne2+
41. Kh2 Nf4 42. Bg3 Rb7 43. Bxf4 exf4 44. Rexd3 Rgb5 45. Rd7+ Rxd7 46. Rxd7+ Kg6
47. Rd2 Kg5 48. Kg2 Rc5 49. Kf3 a3 50. h4+ Kg6 51. Rd6+ Kg7 52. bxa3 Rxc3+ 53.
Kxf4 Rxa3 54. Rd7+ Kg8 55. Ra7 a5 56. h5 a4 57. h6 Rh3 58. g5 1-0

[Event "World Senior 65+ 2014"]
[Site "Katerini GRE"]
[Date "2014.10.26"]
[Round "3.9"]
[White "Danielsson, Robert"]
[Black "Zakharov, Alexander"]
[Result "1/2-1/2"]
[BlackTitle "IM"]
[WhiteElo "2115"]
[BlackElo "2331"]
[WhiteFideId "1711490"]
[BlackFideId "4103564"]
[EventDate "2014.10.24"]

1. d4 Nf6 2. c4 g6 3. Nc3 Bg7 4. e4 O-O 5. Be3 d6 6. f3 Nc6 7. Qd2 a6 8. Nge2
Rb8 9. Nc1 e5 10. Nb3 exd4 11. Nxd4 Nxd4 12. Bxd4 Be6 13. Be2 c6 14. a4 Qa5 15.
O-O Rbd8 16. Rfd1 c5 17. Be3 Nd7 18. Nd5 Qxd2 19. Rxd2 Ne5 20. Rad1 Nc6 21. Nf4
Bd4 22. Bxd4 Nxd4 23. Bf1 Bd7 24. b3 Nxb3 25. Rxd6 Nd4 26. Rb1 Bc6 27. Rxd8 Rxd8
28. Nd5 Kf8 29. Kf2 Rd7 30. a5 f5 1/2-1/2

[Event "World Senior 65+ 2014"]
[Site "Katerini GRE"]
[Date "2014.10.26"]
[Round "3.10"]
[White "Klundt, Klaus"]
[Black "Batakovs, Olegs"]
[Result "1-0"]
[WhiteTitle "IM"]
[WhiteElo "2325"]
[BlackElo "2098"]
[WhiteFideId "4600436"]
[BlackFideId "11600888"]
[EventDate "2014.10.24"]

1. e4 c5 2. Nf3 e6 3. d4 cxd4 4. Nxd4 Nc6 5. Nc3 Qc7 6. g3 a6 7. Bg2 d6 8. O-O
Bd7 9. Re1 Be7 10. Nxc6 bxc6 11. Na4 c5 12. c4 Bc6 13. Nc3 Nf6 14. Qe2 Rb8 15.
Bf4 e5 16. Bg5 O-O 17. Rad1 h6 18. Bc1 Rfe8 19. f4 Nd7 20. Bh3 Bf8 21. Bxd7 Qxd7
22. f5 Be7 23. Nd5 Bxd5 24. Rxd5 Qc7 25. Red1 Red8 26. Qg4 Kh8 27. Qh5 Kg8 28.
g4 Bf8 29. h4 f6 30. g5 Qf7 31. Qg4 hxg5 32. hxg5 fxg5 33. Bxg5 Be7 34. b3 Rb6
35. R1d3 Bf6 36. Rh3 Bxg5 37. Qxg5 Qf6 38. Qh5 Rb7 39. Rd2 Kf8 40. Rg2 Ke7 41.
Rg6 Qf8 42. f6+ Kd7 43. fxg7 Qg8 44. Qf5+ 1-0

[Event "World Senior 65+ 2014"]
[Site "Katerini GRE"]
[Date "2014.10.26"]
[Round "3.11"]
[White "Pushkov, Nikolai"]
[Black "Reuben, Stewart"]
[Result "1-0"]
[WhiteTitle "GM"]
[BlackTitle "CM"]
[WhiteElo "2306"]
[BlackElo "2089"]
[WhiteFideId "4117131"]
[BlackFideId "405256"]
[EventDate "2014.10.24"]

1. Nf3 c5 2. c4 g6 3. d4 cxd4 4. Nxd4 Bg7 5. e4 Qb6 6. Nb3 Nf6 7. Nc3 d6 8. Be3
Qc6 9. f3 O-O 10. Qd2 Nbd7 11. Nd4 Qc7 12. Rc1 Ne5 13. Ndb5 Qa5 14. Qf2 Be6 15.
b3 b6 16. Bd2 Rab8 17. Be2 Qa6 18. O-O Qb7 19. Be3 Rfc8 20. Nd4 a6 21. Nxe6 fxe6
22. Qh4 Nf7 23. Qh3 Qd7 24. Rfd1 Rb7 25. f4 e5 26. Qxd7 Nxd7 27. Nd5 Kf8 28. Bg4
Rd8 29. Bxd7 Rdxd7 30. Nxb6 Rdc7 31. Nd5 Rc6 32. f5 gxf5 33. exf5 Nh6 34. Bxh6
Bxh6 35. Rc3 Bg5 36. h4 Bf6 37. g3 Kf7 38. Rcd3 Bg7 39. Nc3 h5 40. Kg2 Kf6 41.
Rf1 Kf7 42. Kf3 Rb8 43. Ke4 Bf6 44. Rd5 Rg8 45. Kf3 Rg4 46. Ne4 Rc8 47. Rxd6
Rcg8 48. Rxa6 Bxh4 49. Rg6 Bf6 50. Rxg8 Rxg8 51. Rh1 Rh8 52. c5 e6 53. fxe6+
Kxe6 54. Nxf6 Kxf6 55. c6 Ke6 56. Rc1 1-0

[Event "World Senior 65+ 2014"]
[Site "Katerini GRE"]
[Date "2014.10.26"]
[Round "3.12"]
[White "Meizlin, Yaacov"]
[Black "Malisov, Boris"]
[Result "1/2-1/2"]
[WhiteElo "2105"]
[BlackElo "2250"]
[WhiteFideId "2812185"]
[BlackFideId "2802503"]
[EventDate "2014.10.24"]

1. e4 c5 2. Nf3 g6 3. d4 Bg7 4. c4 Qa5+ 5. Nc3 Nf6 6. Bd2 cxd4 7. Nxd4 Nc6 8.
Ndb5 Qd8 9. Be3 O-O 10. Be2 b6 11. O-O Bb7 12. f4 d6 13. Bf3 Nd7 14. Qd2 Rc8 15.
b3 a6 16. Na3 e6 17. Rac1 Qe7 18. Rfd1 Rfd8 19. Nc2 1/2-1/2

[Event "World Senior 65+ 2014"]
[Site "Katerini GRE"]
[Date "2014.10.26"]
[Round "3.13"]
[White "Gruzmann, Boris"]
[Black "Koryabkin, Valery"]
[Result "1-0"]
[WhiteTitle "FM"]
[WhiteElo "2246"]
[BlackElo "2072"]
[WhiteFideId "4105290"]
[BlackFideId "24113115"]
[EventDate "2014.10.24"]

1. e4 c5 2. Nf3 e6 3. d4 cxd4 4. Nxd4 a6 5. Bd3 Qc7 6. O-O Nf6 7. c4 Be7 8. Nc3
O-O 9. Kh1 d6 10. f4 Nbd7 11. Qf3 b6 12. Bd2 Bb7 13. Rae1 Rfe8 14. Qh3 Qc5 15.
Nb3 Qc7 16. Rf3 e5 17. f5 b5 18. cxb5 d5 19. bxa6 Bc6 20. Rg3 dxe4 21. Bh6 g6
22. fxg6 hxg6 23. Bc4 Nd5 24. Nxd5 Bxd5 25. Bxd5 Rxa6 26. Rf1 1-0

[Event "World Senior 65+ 2014"]
[Site "Katerini GRE"]
[Date "2014.10.26"]
[Round "3.15"]
[White "Kolbak, Jens"]
[Black "Bondar, Leonid"]
[Result "0-1"]
[WhiteElo "2232"]
[BlackElo "2061"]
[WhiteFideId "1400339"]
[BlackFideId "2006227"]
[EventDate "2014.10.24"]

1. d4 Nf6 2. c4 e6 3. Nc3 Bb4 4. e3 O-O 5. Ne2 b6 6. a3 Be7 7. e4 Bb7 8. Ng3 d6
9. Be2 d5 10. cxd5 exd5 11. e5 Ne4 12. O-O Nxg3 13. hxg3 c5 14. Bf3 Bc6 15. Be3
c4 16. g4 Na6 17. g3 Nc7 18. Bg2 b5 19. f4 a5 20. g5 b4 21. Na4 bxa3 22. bxa3
Rb8 23. Nc5 Bxc5 24. dxc5 Rb3 25. Bf2 Qd7 26. Qh5 Qe6 27. Bh3 Qg6 28. Qg4 h6 29.
gxh6 Qxg4 30. Bxg4 gxh6 31. Bd1 Rb2 32. Bf3 Rfb8 33. Rad1 R2b3 34. Bg2 Rxa3 35.
Ra1 Rbb3 36. Rxa3 Rxa3 37. f5 a4 38. g4 Rb3 39. Bd4 Rd3 40. Ba1 a3 41. Kh2 Ba4
42. Bf3 c3 43. Kg3 Na6 44. Kf4 Nxc5 45. e6 f6 46. Bxc3 Rxc3 47. Bxd5 Kf8 48. Ba2
Bc6 49. g5 hxg5+ 0-1

[Event "World Senior 65+ 2014"]
[Site "Katerini GRE"]
[Date "2014.10.26"]
[Round "3.16"]
[White "Singer, Hans"]
[Black "Kronlaks, Olafs"]
[Result "1-0"]
[WhiteTitle "FM"]
[WhiteElo "2207"]
[BlackElo "1836"]
[WhiteFideId "1600800"]
[BlackFideId "11604077"]
[EventDate "2014.10.24"]

1. d4 d5 2. c4 c6 3. Nf3 Nf6 4. Nc3 dxc4 5. a4 Bf5 6. e3 e6 7. Bxc4 Bb4 8. Qb3
Qe7 9. O-O a5 10. Ne5 Nbd7 11. Nxd7 Qxd7 12. f3 O-O-O 13. Na2 Qe7 14. e4 Bg6 15.
Be3 Nd7 16. Nxb4 Qxb4 17. Qxb4 axb4 18. Rfc1 f5 19. e5 Bf7 20. a5 Nb8 21. Ra4 c5
22. dxc5 Nc6 23. a6 bxa6 24. Rxa6 Kb7 25. Rb6+ Kc7 26. Bb5 Nd4 27. Bxd4 Rxd4 28.
Ra1 1-0

[Event "World Senior 65+ 2014"]
[Site "Katerini GRE"]
[Date "2014.10.26"]
[Round "3.17"]
[White "Wahlbom, Magnus"]
[Black "Khazankin, Moisei"]
[Result "0-1"]
[WhiteElo "2283"]
[BlackElo "2039"]
[WhiteFideId "1700685"]
[BlackFideId "14115271"]
[EventDate "2014.10.24"]

1. e4 c5 2. Nf3 d6 3. d4 Nf6 4. Nc3 cxd4 5. Nxd4 a6 6. Bg5 e6 7. f4 b5 8. e5
dxe5 9. fxe5 Qc7 10. Qe2 Nfd7 11. O-O-O Bb7 12. Qg4 Qxe5 13. Bd3 Nf6 14. Qh4
Nbd7 15. Rhe1 Qc5 16. Bxf6 gxf6 17. Ne4 Bxe4 18. Qxe4 O-O-O 19. Qa8+ Kc7 20.
Qxa6 Qxd4 21. Bxb5 Qb6 22. Rxd7+ Rxd7 23. Qxb6+ Kxb6 24. Bxd7 Bh6+ 25. Kb1 Rd8
26. Ba4 Rd2 27. Be8 Rxg2 28. Bxf7 e5 29. h3 e4 30. Bd5 f5 31. a3 Rf2 32. Be6 Bd2 0-1

[Event "World Senior 65+ 2014"]
[Site "Katerini GRE"]
[Date "2014.10.26"]
[Round "3.18"]
[White "Blaushtain, Boris"]
[Black "Malmdin, Nils-Ake"]
[Result "0-1"]
[BlackTitle "FM"]
[WhiteElo "2018"]
[BlackElo "2208"]
[WhiteFideId "2804638"]
[BlackFideId "1701584"]
[EventDate "2014.10.24"]

1. d4 Nf6 2. c4 e6 3. Nc3 Bb4 4. e3 c5 5. Nf3 O-O 6. Qc2 d5 7. Bd3 dxc4 8. Bxc4
Qe7 9. O-O Bd7 10. a3 Ba5 11. Bd3 Rc8 12. Bd2 Bb6 13. dxc5 Bxc5 14. Rac1 Bd6 15.
Qb1 Nc6 16. h3 h6 17. Ne4 Nxe4 18. Bxe4 f5 19. Bd3 Nd8 20. e4 Bc6 21. Nd4 f4 22.
Nf3 Nf7 23. Bc3 Ng5 24. Nd4 f3 25. Nxc6 Nxh3+ 26. Kh1 Qg5 27. g3 Qh5 28. Rfe1
Nxf2+ 29. Kg1 Bxg3 0-1

[Event "World Senior 65+ 2014"]
[Site "Katerini GRE"]
[Date "2014.10.26"]
[Round "3.19"]
[White "Benson, Lachlan"]
[Black "Hohler, Peter"]
[Result "1/2-1/2"]
[BlackTitle "FM"]
[WhiteElo "1998"]
[BlackElo "2187"]
[WhiteFideId "3205410"]
[BlackFideId "1300296"]
[EventDate "2014.10.24"]

1. d4 Nf6 2. c4 e6 3. Nf3 b6 4. g3 Ba6 5. Qc2 Bb7 6. Bg2 c5 7. dxc5 Bxc5 8. Nc3
Qc8 9. O-O Be7 10. b3 d5 11. cxd5 Nxd5 12. Bb2 Bf6 1/2-1/2

[Event "World Senior 65+ 2014"]
[Site "Katerini GRE"]
[Date "2014.10.26"]
[Round "3.20"]
[White "Frumson, Yury"]
[Black "Marcovici, Adrian"]
[Result "1/2-1/2"]
[WhiteTitle "FM"]
[WhiteElo "2179"]
[BlackElo "2042"]
[WhiteFideId "4116402"]
[BlackFideId "2801175"]
[EventDate "2014.10.24"]

1. Nf3 d5 2. c4 e6 3. b3 Nf6 4. g3 Nbd7 5. Bg2 b6 6. O-O Bb7 7. cxd5 exd5 8. Bb2
Be7 9. d4 O-O 10. Nbd2 Re8 11. Ne5 c5 12. Ndf3 Bd6 13. Bh3 Bxe5 14. Nxe5 Nxe5
15. dxe5 Ne4 16. e3 Qe7 17. Bg2 Rad8 18. Qc2 f6 19. exf6 Nxf6 20. Bxf6 Qxf6 21.
Rad1 Rd6 22. Rd2 Red8 23. Rfd1 Qf7 24. Qc3 Qf6 25. Qxf6 gxf6 26. f4 1/2-1/2

[Event "World Senior 65+ 2014"]
[Site "Katerini GRE"]
[Date "2014.10.26"]
[Round "3.21"]
[White "Ben-Zeev, Moshe"]
[Black "Bibilashvili, Giorgi"]
[Result "1/2-1/2"]
[WhiteElo "1963"]
[BlackElo "2169"]
[WhiteFideId "2807203"]
[BlackFideId "13601873"]
[EventDate "2014.10.24"]

1. c4 e6 2. Nc3 d5 3. cxd5 exd5 4. d4 Nf6 5. Nf3 c6 6. e3 Bd6 7. Bd3 O-O 8. h3
Re8 9. Qc2 Nbd7 10. O-O Nf8 11. b3 Ng6 12. Bb2 Qe7 13. Nd2 Bc7 14. Rfe1 Qd6 15.
Nf1 Bd7 16. a4 Ba5 17. Ba3 Bb4 18. Bxb4 Qxb4 19. Ng3 a5 20. Nce2 Re7 21. Qc5
Qxc5 22. dxc5 Ne5 23. Red1 1/2-1/2

[Event "World Senior 65+ 2014"]
[Site "Katerini GRE"]
[Date "2014.10.26"]
[Round "3.22"]
[White "Acosta, Mariano USA"]
[Black "Serra Olives, Tomas"]
[Result "0-1"]
[BlackTitle "FM"]
[WhiteElo "1942"]
[BlackElo "2156"]
[WhiteFideId "2008629"]
[BlackFideId "2203774"]
[EventDate "2014.10.24"]

1. d4 Nf6 2. c4 e6 3. Nc3 Bb4 4. f3 d5 5. a3 Bxc3+ 6. bxc3 O-O 7. e3 c5 8. cxd5
exd5 9. Bd3 Qa5 10. Bd2 c4 11. Bc2 Re8 12. Ne2 Nbd7 13. O-O Nf8 14. Ng3 Bd7 15.
e4 dxe4 16. fxe4 Ng6 17. e5 Bg4 18. Qe1 Nd5 19. Qf2 Rf8 20. h3 Be6 21. Nh5 b5
22. Be4 Qd8 23. Qg3 Rb8 24. Bg5 Nxc3 25. Bxd8 Ne2+ 26. Kh2 Nxg3 27. Nxg3 Rfxd8
28. Ne2 a5 29. Rfd1 Ne7 30. Nf4 Nd5 31. Bxd5 Bxd5 32. Kg3 Kf8 33. Kf2 b4 34.
axb4 axb4 35. Ke3 b3 36. Ra5 c3 37. Nxd5 c2 38. Rc1 b2 39. Kd2 b1=Q 40. Rxc2 Qg1
41. Ne3 Rxd4+ 42. Ke2 Re4 0-1

[Event "World Senior 65+ 2014"]
[Site "Katerini GRE"]
[Date "2014.10.26"]
[Round "3.23"]
[White "Skalkotas, Nikolaos"]
[Black "Carlsten, Peter"]
[Result "1/2-1/2"]
[WhiteTitle "IM"]
[WhiteElo "2150"]
[BlackElo "2031"]
[WhiteFideId "4200144"]
[BlackFideId "1705067"]
[EventDate "2014.10.24"]

1. Nf3 f5 2. d4 Nf6 3. Bg5 e6 4. Nbd2 d5 5. e3 Be7 6. Ne5 O-O 7. Bd3 b6 8. Qe2
Bb7 9. h3 Ne4 10. Bf4 Nd7 11. Nxd7 Qxd7 12. Nf3 a5 13. Ne5 Qc8 14. O-O c5 15. c4
Nd6 16. Rac1 dxc4 17. Nxc4 Nxc4 18. Bxc4 Bd5 19. Bxd5 exd5 20. Qb5 Qe6 21. a4
Rfc8 22. Be5 c4 23. f4 Qc6 24. g4 Qxb5 1/2-1/2

[Event "World Senior 65+ 2014"]
[Site "Katerini GRE"]
[Date "2014.10.26"]
[Round "3.24"]
[White "Kiselev, Alexander"]
[Black "Awawdeh, Fayez"]
[Result "1/2-1/2"]
[BlackTitle "FM"]
[WhiteElo "2122"]
[BlackElo "2012"]
[WhiteFideId "14105900"]
[BlackFideId "8100721"]
[EventDate "2014.10.24"]

1. e4 c5 2. Nf3 d6 3. d4 cxd4 4. Nxd4 g6 5. Nc3 Bg7 6. Be3 Bd7 7. Qd2 a6 8. Bc4
Nf6 9. f3 h5 10. Bb3 Nc6 11. Nxc6 bxc6 12. O-O-O Qc7 13. Bg5 Qa5 14. Kb1 Be6 15.
Bxf6 Bxf6 16. Nd5 Qxd2 17. Nxf6+ exf6 18. Rxd2 Ke7 19. Rhd1 1/2-1/2

[Event "World Senior 65+ 2014"]
[Site "Katerini GRE"]
[Date "2014.10.26"]
[Round "3.26"]
[White "Lukovski, Lev"]
[Black "Kratschmer, Heinz"]
[Result "0-1"]
[WhiteElo "1917"]
[BlackElo "2109"]
[WhiteFideId "4634837"]
[BlackFideId "1606670"]
[EventDate "2014.10.24"]

1. d4 Nf6 2. c4 g6 3. Nf3 Bg7 4. Nc3 d5 5. e3 O-O 6. cxd5 Nxd5 7. Qb3 Nb6 8. Be2
Nc6 9. O-O Be6 10. Qd1 Qd7 11. Ne4 Bc4 12. Nc5 Qc8 13. b3 Bxe2 14. Qxe2 Nd5 15.
Bb2 e6 16. Rac1 Nce7 17. a3 c6 18. g3 Rd8 19. Rc2 Qc7 20. b4 a5 21. b5 Qb6 22.
bxc6 Nxc6 23. Rfc1 Rac8 24. Ba1 Qa7 25. Qb5 Rb8 26. Rb1 Bf8 27. e4 Nc7 28. Qb2
Bg7 29. e5 Nd5 30. Qc1 Nce7 31. Ne4 Nf5 32. g4 Bh6 33. Qd1 Nfe7 34. Nf6+ Nxf6
35. exf6 Nd5 36. Ne5 Nxf6 37. Qf3 Bg5 38. Rc7 Rf8 39. Rbxb7 Rxb7 40. Rxb7 Qa8
41. Qb3 Nd5 42. Nxf7 Be7 43. Ne5 Bxa3 44. Nd7 Bb4 45. Nxf8 Qxb7 46. Nxe6 Qc6 47.
Nc5 Kg7 48. Qc4 Kh6 49. Qc1+ g5 50. h4 Nf4 51. f3 Ne2+ 0-1

[Event "World Senior 65+ 2014"]
[Site "Katerini GRE"]
[Date "2014.10.26"]
[Round "3.27"]
[White "Harding, Tim D"]
[Black "Robinson, John K"]
[Result "1/2-1/2"]
[WhiteElo "2095"]
[BlackElo "1983"]
[WhiteFideId "2500256"]
[BlackFideId "406490"]
[EventDate "2014.10.24"]

1. d4 Nf6 2. Nc3 c5 3. dxc5 Qa5 4. Nf3 Qxc5 5. e4 d6 6. Be2 g6 7. Be3 Qa5 8. O-O
Bg7 9. Qd2 Nc6 10. Bh6 O-O 11. Bxg7 Kxg7 1/2-1/2

[Event "World Senior 65+ 2014"]
[Site "Katerini GRE"]
[Date "2014.10.26"]
[Round "3.28"]
[White "El Gheiadi, I."]
[Black "Borensztajn, David"]
[Result "1/2-1/2"]
[WhiteElo "2085"]
[BlackElo "1940"]
[WhiteFideId "9200037"]
[BlackFideId "2106817"]
[EventDate "2014.10.24"]

1. e4 c5 2. Nc3 Nc6 3. g3 g6 4. Bg2 Bg7 5. Nge2 d6 6. d3 e5 7. Nd5 Nge7 8. Bg5
h6 9. Bxe7 Nxe7 10. Nec3 Nxd5 11. Nxd5 Be6 12. Ne3 O-O 13. O-O Rb8 14. c3 b5 15.
a3 f5 16. exf5 gxf5 17. f4 exf4 18. Rxf4 Be5 19. Rh4 Qg5 20. Nd5 Bxd5 21. Bxd5+
Kg7 22. Qf3 Qd2 23. Rf1 Rf6 24. Rf2 Qc1+ 25. Kg2 Rff8 26. Rh5 b4 27. Rxf5 Rxf5
28. Qxf5 Qg5 29. Qd7+ Kh8 30. Be4 Bg7 31. h4 Qd8 32. Qf5 Qg8 33. axb4 cxb4 34.
Qg6 bxc3 35. bxc3 d5 36. Bf5 Rb6 37. Qh5 Bxc3 38. Re2 Bg7 39. Re8 Bf8 40. Rd8
Rf6 41. Rd7 Bg7 42. Rxa7 Qf8 43. g4 Qb8 44. Rd7 Qe5 45. Rd8+ Rf8 46. Rxf8+ Bxf8
47. Qg6 Qe2+ 1/2-1/2

[Event "World Senior 65+ 2014"]
[Site "Katerini GRE"]
[Date "2014.10.26"]
[Round "3.29"]
[White "Kayaman, Metin"]
[Black "Savolainen, Lev P."]
[Result "1-0"]
[BlackTitle "FM"]
[WhiteElo "1878"]
[BlackElo "2083"]
[WhiteFideId "6301185"]
[BlackFideId "4135792"]
[EventDate "2014.10.24"]

1. c4 e6 2. Nc3 d5 3. d4 Nf6 4. Bg5 Nbd7 5. e3 c6 6. Nf3 Qa5 7. Nd2 Ne4 8. Ndxe4
dxe4 9. Bf4 Bb4 10. Qc2 e5 11. Bg3 f5 12. Be2 O-O 13. dxe5 Nxe5 14. O-O Be6 15.
Bxe5 Qxe5 16. Rad1 Rad8 17. Rd2 Bxc3 18. bxc3 f4 19. exf4 Qxf4 20. Rxd8 Rxd8 21.
Rd1 Rxd1+ 22. Qxd1 e3 23. f3 Bxc4 24. Qd8+ Kf7 25. g3 Bxe2 26. gxf4 Ba6 27. Qd7+
Kf8 28. Qf5+ 1-0

[Event "World Senior 65+ 2014"]
[Site "Katerini GRE"]
[Date "2014.10.26"]
[Round "3.30"]
[White "Tobar Salas, Juan Carlos"]
[Black "Davydov, Mihail"]
[Result "1/2-1/2"]
[WhiteElo "1538"]
[BlackElo "2076"]
[WhiteFideId "3416682"]
[BlackFideId "4679962"]
[EventDate "2014.10.24"]

1. d4 Nf6 2. Nf3 g6 3. Bf4 Bg7 4. e3 O-O 5. Bd3 c5 6. Nbd2 cxd4 7. exd4 Nc6 8.
c3 d6 9. Qc2 Re8 10. h3 Bd7 11. O-O Rc8 12. Rfe1 Nb4 13. Qb1 Nxd3 14. Qxd3 Bf5
15. Qf1 Qb6 16. Nb3 Be6 17. Nfd2 a5 18. c4 a4 19. Be3 Qa6 20. d5 1/2-1/2

[Event "World Senior 65+ 2014"]
[Site "Katerini GRE"]
[Date "2014.10.26"]
[Round "3.31"]
[White "Baeta, Marcio Netto"]
[Black "Lelis, Janis"]
[Result "1-0"]
[WhiteElo "2074"]
[BlackElo "1846"]
[WhiteFideId "2112744"]
[BlackFideId "11604328"]
[EventDate "2014.10.24"]

1. Nf3 d5 2. d4 Bf5 3. g3 e6 4. Bg2 Nd7 5. O-O h6 6. c4 c6 7. b3 Ngf6 8. Nc3 Bd6
9. Bb2 O-O 10. Nd2 Bc7 11. e4 dxe4 12. Ncxe4 Nxe4 13. Nxe4 Nf6 14. Qe2 Nxe4 15.
Bxe4 Qg5 16. Bf3 Rfe8 17. Rfe1 Bg6 18. h4 Qf5 19. h5 Bh7 20. d5 cxd5 21. cxd5 e5
22. Bg4 Qd3 23. Qxd3 Bxd3 24. Rad1 e4 25. Rc1 Bd6 26. Kg2 Rad8 27. Bd4 Bb4 28.
Red1 Rxd5 29. Bxa7 Ra5 30. Be3 Rxa2 31. Rc7 b5 32. Rdc1 Raa8 33. Bd7 Red8 34.
Rb7 Rab8 35. Ra7 Ra8 36. Rb7 Rdb8 37. Rcc7 Rxb7 38. Rxb7 Bd6 39. Bxb5 Bxb5 40.
Rxb5 Rb8 41. Rxb8+ Bxb8 42. Bc5 f5 43. f3 exf3+ 44. Kxf3 g6 45. hxg6 Kg7 46. b4
Kxg6 47. b5 Kf6 48. b6 Ke6 49. Be3 Kd7 50. Bf4 Kc8 51. Bxb8 Kxb8 52. Kf4 h5 53.
Kxf5 h4 54. gxh4 1-0

[Event "World Senior 65+ 2014"]
[Site "Katerini GRE"]
[Date "2014.10.26"]
[Round "3.32"]
[White "Doubleday, William G."]
[Black "Booth, Anthony"]
[Result "1-0"]
[WhiteElo "2057"]
[BlackElo "1796"]
[WhiteFideId "2682419"]
[BlackFideId "4302699"]
[EventDate "2014.10.24"]

1. d4 d5 2. c4 c6 3. e3 Nf6 4. Nc3 dxc4 5. Bxc4 e6 6. Nf3 Be7 7. O-O O-O 8. a3
c5 9. Qe2 cxd4 10. exd4 a6 11. Rd1 b5 12. Ba2 Bb7 13. Bg5 Re8 14. Ne5 Bd5 15.
Bb1 Nbd7 16. Nxd5 exd5 17. Nc6 Bd6 18. Qd3 Qc7 19. Ne5 Bxe5 20. dxe5 Qxe5 21.
Be3 Qh5 22. f3 Rac8 23. Bf2 Ne5 24. Qd4 Rc4 25. Qd2 Nxf3+ 26. gxf3 Qxf3 27. Bd3
Rg4+ 28. Bg3 d4 29. Qf2 Qxf2+ 30. Kxf2 Re3 31. Rac1 g6 32. Rc5 Ne4+ 33. Bxe4
Rexe4 34. Re5 Rxe5 35. Bxe5 f5 36. Rxd4 Rxd4 37. Bxd4 Kf7 38. Kf3 Ke6 39. Kf4
Kd5 40. Bc3 Kc4 41. h4 Kb3 42. h5 Kc4 43. h6 Kd5 44. Be5 Ke6 45. Bd4 Kd5 46. Bf2
Ke6 47. Kg5 Kf7 48. Bb6 Ke6 49. Bc7 Kf7 50. Kf4 Ke6 51. Ke3 Kd5 52. Bd8 Ke6 53.
Kd4 Kd6 54. b3 Ke6 55. a4 bxa4 56. bxa4 Kd7 57. Bg5 Ke6 58. a5 Kd6 59. Bf4+ Ke6
60. Kc5 Kf6 61. Kb6 g5 62. Bc7 f4 63. Kxa6 f3 64. Bg3 Kf5 65. Kb5 Ke4 66. a6 Ke3
67. a7 f2 68. Bxf2+ Kxf2 69. a8=Q 1-0

[Event "World Senior 65+ 2014"]
[Site "Katerini GRE"]
[Date "2014.10.26"]
[Round "3.33"]
[White "Hernandez M., Emilio Gustavo"]
[Black "Gromark, Per-Olof"]
[Result "0-1"]
[WhiteElo "1801"]
[BlackElo "2050"]
[WhiteFideId "3901475"]
[BlackFideId "1722433"]
[EventDate "2014.10.24"]

1. d4 Nf6 2. c4 g6 3. g3 Bg7 4. Bg2 d5 5. cxd5 Nxd5 6. Nc3 Nb6 7. Nf3 Nc6 8. e3
O-O 9. O-O e5 10. dxe5 Nxe5 11. Nxe5 Bxe5 12. Qe2 c6 13. Rd1 Qe7 14. f4 Bg7 15.
e4 Be6 16. Be3 Rfd8 17. Qf2 Nc4 18. Bc5 Qc7 19. f5 Bd7 20. f6 Bh6 21. b3 b6 22.
bxc4 bxc5 23. Qxc5 Bf8 24. Qg5 Be6 25. Bf1 Rxd1 26. Rxd1 Rd8 27. Rxd8 Qxd8 28.
Qe5 Qb6+ 29. Kh1 Qf2 30. Qf4 Qe1 31. Na4 Bxc4 32. Kg1 Qd1 33. Nb2 Qd4+ 34. Qf2
Bc5 35. Nd1 Qxd1 0-1